• 首页
  • 本馆介绍
  • 公告通知
  • 最新文献
  • 馆藏检索
  • 电子资源
  • 读者导购
  • 参考咨询
  • 我的图书馆
  • 登录
  • 详细信息显示
  • 放入我的书架
  • 预约/预借图书
  • 作者相关作品
  • 分类相关作品
  • 丛书相关作品
  • 出版社相关作品

书目信息

  • 表格格式
  • 工作单格式
  • 卡片格式
题名:
疯话五书
    
 
作者: 申维 著
分册:  
出版信息: 长春   吉林出版集团有限责任公司  2010.1
页数: 243页
开本: 24cm
丛书名:
单 册:
中图分类: B223.15 , K225.04
科图分类:
主题词: 古典小说--文学评论--中国--古代
电子资源:
ISBN: 978-7-5463-1632-1
000 01225nam0 2200277 45
001 515
005 20120531152449.76
010    @a978-7-5463-1632-1@dCNY29.80
100    @a20120328d2010 ekmy0chiy0120 ea
101 0  @achi
102    @aCN@b220000
105    @ay z 000yy
106    @ar
200 1  @a疯话五书@AFeng Hua Wu Shu@e文癫申维痴评《聊斋志异》《水浒传》《西游记》《春秋》《道德经》@EWen Dian Shen Wei Chi Ping《 Liao Zhai Zhi Yi》《 Shui Hu Chuan》《 Xi You Ji》《 Chun Qiu》《 Dao De Jing》@f申维著@FShen Wei Zhu
210    @a长春@c吉林出版集团有限责任公司@d2010.1
215    @a243页@d24cm
330    @a本书文与史相映成趣,作者从中国古代的文学经典出发,以漫话《聊斋志异》、品《水浒传》、戏说《西游记》、夜读《春秋》、解读《道德经》入手,展开了对人生百态的精辟解读。
517 1  @a文癫申维痴评《聊斋志异》《水浒传》《西游记》《春秋》《道德经》@AWen Dian Shen Wei Chi Ping《 Liao Zhai Zhi Yi》《 Shui Hu Chuan》《 Xi You Ji》《 Chun Qiu》《 Dao De Jing》
605    @a春秋@x研究
605    @a道德经@x研究
606 0  @a古典小说@x文学评论@y中国@z古代
690    @aB223.15@v5
690    @aK225.04@v5
701  0 @a申维@AShen Wei@4著
801  0 @aCN@bTSTCL@c20120328
905    @b0811520-24@dB223.15@e407@f5
    
    疯话五书:文癫申维痴评《聊斋志异》《水浒传》《西游记》《春秋》《道德经》/申维著.-长春:吉林出版集团有限责任公司,2010.1
    243页;24cm
    
    
    ISBN 978-7-5463-1632-1:CNY29.80
    本书文与史相映成趣,作者从中国古代的文学经典出发,以漫话《聊斋志异》、品《水浒传》、戏说《西游记》、夜读《春秋》、解读《道德经》入手,展开了对人生百态的精辟解读。
●
相关链接 在E读中查询图书 在五车中查询图书 在当当中查询图书 在豆瓣中查询图书


正题名:疯话五书     索取号:B223.15/407         预约/预借

序号 登录号 条形码 馆藏地/架位号 状态 备注
1 0811520   208115207   第一样本阅览室/ [索取号:B223.15/407] 在馆    
2 0811521   208115216   第一借阅区/ [索取号:B223.15/407] 在馆    
3 0811522   208115225   第一借阅区/ [索取号:B223.15/407] 在馆    
4 0811523   208115234   第一借阅区/ [索取号:B223.15/407] 在馆    
5 0811524   208115243   第一借阅区/ [索取号:B223.15/407] 在馆    
唐山师范学院图书馆 欢迎您!
大连网信软件有限公司© 版权所有